[Event "BL2-S9293"]
[Site "Germany"]
[Date "1993.??.??"]
[Round "?"]
[White "Schulze, Eberhard"]
[Black "Neunhoeffer, Helmut"]
[Result "1/2-1/2"]
[WhiteElo "2245"]
[BlackElo "2295"]

1.Nf3 d5 2.g3 Nf6 3.Bg2 c6 4.O-O Bf5 5.d3 h6 6.c4 e6 7.Be3 Nbd7 8.Qb3 Qc7
9.cxd5 Nxd5 10.Bd2 Bh7 11.d4 Qb6 12.Qxb6 axb6 13.Nc3 b5 14.Rfc1 Bd6 15.Ne1 O-O
16.Ne4 Be7 17.Nd3 Ra4 18.e3 Rfa8 19.a3 b4 20.Ndc5 Nxc5 21.Nxc5 Bxc5 22.dxc5 bxa3
23.bxa3 Rxa3 24.Rxa3 Rxa3 25.e4 Nf6 26.f3 Nd7 27.Bf4 g5 28.Bd6 Ra5 29.g4 f5
30.exf5 exf5 31.Re1 Bg6 32.Bf1 Bf7 33.gxf5 Nxc5 34.Re7 Nb3 35.Rxb7 Rxf5 36.Bd3 Rd5
37.Rb8+ Kg7 38.Bf8+ Kf6 39.Rxb3 Rd8 40.Rc3 Rxf8 41.Rxc6+  1/2-1/2

[Event "BL2-N9293"]
[Site "Germany"]
[Date "1993.??.??"]
[Round "?"]
[White "Petrosian, Arshak B"]
[Black "Liebau, Andreas"]
[Result "1-0"]
[WhiteElo "2490"]
[BlackElo "2225"]

1.Nf3 d5 2.g3 Nf6 3.Bg2 Bf5 4.c4 c6 5.cxd5 cxd5 6.Qb3 Qb6 7.Qxb6 axb6 8.d3 Nc6
9.Bf4 e5 10.Bxe5 Nxe5 11.Nxe5 Bb4+ 12.Nd2 O-O 13.Nf3 Rfe8 14.Kd1 Bc5 15.Rf1 Bd7
16.h3 Ba4+ 17.b3 Bc6 18.e3 Bb5 19.Ne1 Ba3 20.Rb1 Rec8 21.Ndf3 Rc3 22.Ke2 Rac8
23.Nd4 Bd7 24.Nef3 Kf8 25.Rfd1 g6 26.Ne5 Be8 27.Kf1 h5 28.Kg1 Ke7 29.Bf1 Bd6
30.Nef3 Ba3 31.Ne1 Kf8 32.Rd2 Ra8 33.Rc2 Rxc2 34.Nexc2 Bd6 35.a4 Bd7 36.Ne1 Rc8
37.Nef3 Rc3 38.Kg2 Be8 39.Be2 Bb4 40.Rb2 Rc1 41.Rc2 Rb1 42.Rc8 Ke7 43.Rb8 Bc6
44.Nxc6+ bxc6 45.Rxb6 Kd6  1-0

[Event "BL2-N9293"]
[Site "Germany"]
[Date "1993.??.??"]
[Round "?"]
[White "Mowsziszian, Karen"]
[Black "Rabiega, Robert"]
[Result "0-1"]
[WhiteElo "2485"]
[BlackElo "2420"]

1.Nf3 d5 2.g3 Nf6 3.Bg2 c6 4.O-O Bg4 5.c4 Nbd7 6.cxd5 cxd5 7.d3 e6 8.Nc3 Be7
9.h3 Bh5 10.Qb3 Nc5 11.Qc2 O-O 12.b4 Na6 13.a3 Rc8 14.Qb3 Nd7 15.Bd2 Bf6
16.Rac1 Nab8 17.g4 Bg6 18.Nb5 Rxc1 19.Rxc1 Nc6 20.Bf4 a6 21.Nd6 Qb8 22.Bg3 Nde5
23.b5 Nxf3+ 24.Bxf3 Nd4 25.Qb4 a5 26.Qxa5 Nb3 27.Qc7 Nxc1 28.Qxc1 e5 29.Nf5 Bxf5
30.gxf5 Qd6 31.a4 b6 32.d4 Re8 33.e3 Qe7 34.Bxd5 exd4 35.e4 Be5 36.f4 Bd6
37.Qc6 Bc5 38.Bh4 Qf8 39.e5 d3+ 40.Kf1 Rc8 41.Bxf7+ Kh8 42.Qd7 Bb4 43.f6 Rc1+
44.Kg2 d2 45.Bh5 Qa8+ 46.Bf3 Qxf3+ 47.Kxf3 d1=Q+ 48.Qxd1 Rxd1 49.f7 g5 50.Bxg5 Kg7
51.e6 Rd4 52.Ke3 Rc4 53.Kd3 Rc3+ 54.Ke4 Rxh3 55.f5 h5 56.Ke5 Rh1 57.f6+ Kg6
58.Bd2 Ba3 59.a5 bxa5 60.Bxa5 Rb1 61.Bd8 Re1+ 62.Kd5 Rd1+ 63.Kc6 Rxd8 64.e7 Rd6+
65.Kc7 Kxf7 66.b6 Rxf6 67.b7 Kxe7  0-1

[Event "BL2-W9293"]
[Site "Germany"]
[Date "1993.??.??"]
[Round "?"]
[White "Staller, Peter"]
[Black "Kupreichik, Viktor D"]
[Result "1/2-1/2"]
[WhiteElo "2375"]
[BlackElo "2560"]

1.Nf3 d5 2.g3 c5 3.Bg2 Nc6 4.O-O e5 5.d3 Nf6 6.Nbd2 Be7 7.e4 d4 8.Nc4 Bg4
9.a4 Nd7 10.h3 Be6 11.Nfd2 O-O 12.f4 exf4 13.gxf4 f5 14.exf5 Bxf5 15.Ne4 Nb6
16.Ng3 Be6 17.Qe2 Qd7 18.Kh2 Nxc4 19.dxc4 Bd6 20.Bd2 Rae8 21.Qd3 Qc7 22.Ne4 Nb4
23.Bxb4 Bxf4+ 24.Kh1 cxb4 25.Qxd4 Be5 26.Qc5 Bxc4 27.Qxc7 Bxc7 28.Rxf8+ Kxf8
29.b3 Bd5 30.Rf1+ Ke7 31.Re1 Bc6 32.Nc5+ Kf7 33.Rxe8 Kxe8 34.Nxb7 Bxg2+ 35.Kxg2 Kd7
36.Nc5+ Kc6 37.Nd3 a5 38.Kf3 Kd5 39.Nc1 g5 40.Ne2 Be5 41.Ke3 h5 42.Kf3 Bb2
43.Ng3 Be5 44.Nxh5 Kd4 45.Ke2 Ke4 46.Kf2 Kd4 47.Ke2 Ke4 48.Kf2 Kd4 49.Ke2  1/2-1/2

[Event "BL2-N9293"]
[Site "Germany"]
[Date "1993.??.??"]
[Round "?"]
[White "Floegel, Ulrich"]
[Black "Federau, Juergen"]
[Result "1-0"]
[WhiteElo "2275"]
[BlackElo "2285"]

1.Nf3 d5 2.g3 Bg4 3.Bg2 c6 4.O-O Nd7 5.d3 e5 6.Nbd2 Bd6 7.e4 Ne7 8.h3 Bh5
9.a3 f6 10.b4 O-O 11.exd5 cxd5 12.c4 Kh8 13.Bb2 Rc8 14.Qe2 Bb8 15.Rac1 Re8
16.cxd5 Nb6 17.d4 exd4 18.Bxd4 Nbxd5 19.Qb5 Rxc1 20.Rxc1 b6 21.Bb2 Bf7 22.Ne4 Nc7
23.Qf1 Ncd5 24.b5 Nf5 25.Qd3 Nd6 26.Nd4 Ne7 27.Qc2 Bg6 28.Nxd6 Bxd6 29.Qb3 Qd7
30.Rd1 Bc5 31.Ne6 Qc8 32.Nxc5 Qxc5 33.Bd4 Qc7 34.Qb2 Ng8 35.Rc1 Qd6 36.Rc6 Qe7
37.Qc3 Rd8 38.Be3 Rd7 39.Rc8 Rd8 40.Rc7 Rd7 41.Rc8 Rd8 42.Rc6 Rd7 43.Kh2 Rd8
44.Qc4 Rd7 45.a4 Rd8 46.Rc8 Bf7 47.Qc6 Rxc8 48.Qxc8 Qb4 49.Qa6 Bb3 50.Qxa7 Bxa4
51.Bc6 Qa5 52.Qb8 Bb3 53.Bxb6 Qa4 54.Qd6 Bc4 55.Qc5 h5 56.Bc7 h4 57.b6 hxg3+
58.Bxg3  1-0

[Event "Oberliga Nord N9293"]
[Site "Germany"]
[Date "1993.??.??"]
[Round "?"]
[White "Sommerfeld, Armin"]
[Black "Putzbach, Gerd"]
[Result "1/2-1/2"]
[WhiteElo "2250"]
[BlackElo "2275"]

1.Nf3 d5 2.g3 g6 3.Bg2 Bg7 4.O-O e5 5.d3 Ne7 6.Nbd2 c6 7.e4 O-O 8.Re1 Nd7
9.c3 b6 10.d4 exd4 11.cxd4 Re8 12.exd5 cxd5 13.Nf1 Nf8 14.b3 Ne6 15.Bb2 Ba6
16.Ne5 f6 17.Nd3 Nf5 18.Ne3 Nxe3 19.Rxe3 Qd6 20.Qf3 Rad8 21.Ree1 f5 22.Rad1 Kf8
23.h4 Nxd4 24.Rxe8+ Rxe8 25.Bxd4 Bxd4 26.Qxd5 Qxd5 27.Bxd5 Re2 28.Bf3 Rxa2
29.Nb4 Bxf2+ 30.Kg2 Rb2 31.Nxa6 Be1+ 32.Kh3 Rxb3 33.Rxe1 Rxf3 34.Nc7 Rb3
35.Kg2 a5 36.Re8+ Kf7 37.Rh8 Kg7 38.Ra8 Rb4 39.Ra6 a4 40.Nd5 Rb5 41.Nxb6 a3
42.Nc4 Rb4 43.Nxa3 Rb2+ 44.Kf3 Rb3+ 45.Kg2 Rb2+ 46.Kh3 Rb3 47.Ra4 f4  1/2-1/2

[Event "Oberliga Nord N9293"]
[Site "Germany"]
[Date "1993.??.??"]
[Round "?"]
[White "Sack, Bruno Wolfgang"]
[Black "Mach, Holger"]
[Result "1/2-1/2"]
[WhiteElo "2320"]
[BlackElo "2235"]

1.Nf3 d5 2.g3 Nf6 3.Bg2 c6 4.O-O Bg4 5.Ne5 Bf5 6.b3 e6 7.Bb2 Be7 8.d3 Nbd7
9.Nxd7 Qxd7 10.Nd2 Rd8 11.Nf3 O-O 12.Ne5 Qc7 13.e3 Nd7 14.Nxd7 Rxd7 15.Qe2 e5
16.e4 dxe4 17.dxe4 Be6 18.Rad1 Rfd8 19.Rxd7 Rxd7 20.Rd1 f6 21.a4 Qd8 22.Rxd7 Qxd7
23.Bf1 Kf8 24.Bc1 Bc5 25.Qd2 Qd4 26.Qxd4 Bxd4 27.Kg2 g6 28.f3 Ke7 29.Bd2 a6
30.Bd3 Kd6 31.g4 Bb6 32.Kf1 Bd8 33.Ke2 c5 34.c4 a5 35.Be1  1/2-1/2

[Event "Oberliga Nord N9394"]
[Site "Germany"]
[Date "1993.??.??"]
[Round "?"]
[White "Junge, Kai"]
[Black "Buhr, Carl Christian"]
[Result "1/2-1/2"]
[WhiteElo "2265"]
[BlackElo "2195"]

1.Nf3 d5 2.g3 Nf6 3.Bg2 c6 4.O-O Bf5 5.d3 h6 6.Nbd2 e6 7.Qe1 Be7 8.e4 Bh7
9.Ne5 Nbd7 10.Nxd7 Nxd7 11.f4 O-O 12.Kh1 a5 13.g4 a4 14.a3 dxe4 15.dxe4 Nc5
16.Qe3 f5 17.gxf5 exf5 18.e5 Ne6 19.Nf3 g5 20.Qc3 Kh8 21.Be3 gxf4 22.Nd4 Bg8
23.Nxe6 Bxe6 24.Bxf4 Bg5 25.Rad1 Qe7 26.Rd6 Kh7 27.Qh3 Kg7 28.Qg3 Kh7 29.Qh3 Kg7
30.Qe3 Kh7 31.Rfd1 Rf7 32.Qd4 Rg7 33.Bf3 Ra5 34.c4 Qf7 35.Be2 Be7 36.Qc3 Rc5
37.Qh3 Rg6 38.Rxe6 Qxe6 39.Bd3 Rd5 40.Rd2 Rxe5 41.Bxe5 Qxe5 42.Qxf5 Qe1+
43.Qf1 Qxf1+ 44.Bxf1 Rd6 45.Rxd6 Bxd6 46.Bd3+ Kg7 47.Bc2 Be5 48.b3 axb3 49.Bxb3 Bd6
50.a4 Kf6 51.Bd1 Ke5 52.Bg4 Kd4 53.Bc8 Kxc4 54.Bxb7 c5 55.Be4 Kb4 56.Bc2 c4
57.Kg2 Bc7 58.h3 Kc3 59.Bf5 Kd2 60.Kf3 c3  1/2-1/2

[Event "BL2-W9293"]
[Site "Germany"]
[Date "1993.??.??"]
[Round "?"]
[White "Grimm, Sascha"]
[Black "Gawehns, Klaus"]
[Result "1/2-1/2"]
[WhiteElo "2320"]
[BlackElo "2340"]

1.Nf3 d5 2.g3 c6 3.Bg2 Bg4 4.c4 e6 5.Ne5 Bh5 6.cxd5 exd5 7.d4 Nd7 8.Nd3 Ngf6
9.Nc3 Bd6 10.Bf4 Qe7 11.O-O O-O 12.Bxd6 Qxd6 13.Nf4 Bg6 14.Nxg6 hxg6 15.Qd3 Rfe8
16.e3 Qe7  1/2-1/2

[Event "BL2-W9293"]
[Site "Germany"]
[Date "1993.??.??"]
[Round "?"]
[White "Haakert, Juergen"]
[Black "Blasek, Ralph"]
[Result "1/2-1/2"]
[WhiteElo "2315"]
[BlackElo "2345"]

1.Nf3 d5 2.g3 Bg4 3.Ne5 Be6 4.d4 Nf6 5.Bg2 g6 6.O-O Bg7 7.b3 Nbd7 8.Nd3 Bf5
9.Bb2 O-O 10.Nd2 a5 11.a4 Ne4 12.f3 Nxd2 13.Qxd2 Bxd3 14.Qxd3 c5 15.f4 Rc8
16.Bxd5 cxd4 17.e4 e6 18.Bc4 Nc5 19.Qf3 Qb6 20.Kg2 Qc6 21.e5 Ne4 22.Rad1 Rfd8
23.Bxd4 Bf8 24.Rfe1 Nc5 25.Qxc6 bxc6 26.Bc3 Rxd1 27.Rxd1 Ra8 28.Kf3 Be7 29.g4 h6
30.Ke3 Kf8 31.Be2 Ke8 32.Bf3 Ra6 33.Kd4 Nd7 34.Ke3 Bc5+ 35.Ke2 Kd8 36.h4 Kc7
37.Rh1 Be7 38.h5 g5 39.Bd2 Ra8 40.Rf1 gxf4 41.Bxf4 Bg5 42.Bg3 Kb6 43.Be4 f6
44.exf6 Nxf6 45.Bf3 e5 46.Rd1 Re8 47.Bf2+ Kc7 48.Be1 Kb6 49.c4 e4 50.Bg2 Nxg4
51.Rd4 Nf6 52.Bc3 Nxh5 53.c5+ Kxc5 54.Bxe4 Ng3+ 55.Kf3 Rxe4 56.Rxe4 Nxe4
57.Kxe4 Bd8 58.Be1 h5 59.Kf3 Bc7 60.Kg2 Kd4 61.b4 axb4 62.Bxb4 Kc4 63.Be1 Be5
64.Kh3 Bf6 65.Kg3 Kd5 66.Bb4 Bd8 67.Kh3 Kc4 68.Be1 Kc5 69.Bd2 Be7 70.Ba5 Kc4
71.Be1 Bd8 72.Kg3 Kc5 73.Kf4 Kb6 74.Ke5 Be7 75.Kf5 Ka6 76.Ke5 h4 77.Kf4 c5
78.Kg4 Bf6 79.Kh3 c4 80.Kg4 Kb6 81.Bb4 Bd8 82.Kh3 Ka6 83.Be1 Bf6 84.Kg4 Bd8
85.Kh3 Kb6 86.Bb4 Ka6 87.Be1 Kb7 88.Kg4 Kc6 89.Bb4 Kd5 90.Kh3 Ke6 91.Kg4 Kd5
92.Kh3 Kd4 93.Kg4 Kd5 94.Kh3 Kc6 95.Kg4 Kb6 96.Kh3 Ka6 97.Be1 Ba5 98.Bxh4 Bc3
99.Bd8 Bd2 100.Bf6 Ka5 101.Kg3 Kxa4 102.Kf3 Kb3 103.Ke2 Kc2 104.Be5 Bc3 105.Bg3  1/2-1/2

[Event "GER op"]
[Site "Germany"]
[Date "1993.??.??"]
[Round "4"]
[White "Krause, Ullrich"]
[Black "Kleeschaetzky, Rainer"]
[Result "1-0"]
[WhiteElo "2305"]
[BlackElo "2285"]

1.Nf3 d5 2.g3 c6 3.Bg2 Nf6 4.O-O Bg4 5.d3 Nbd7 6.c4 e5 7.cxd5 cxd5 8.Bg5 Qb6
9.Bxf6 gxf6 10.Nc3 d4 11.Nd5 Qa5 12.Nd2 Be6 13.b4 Qd8 14.Rc1 Bxd5 15.Bxd5 Bxb4
16.Bxf7+ Kxf7 17.Qb3+ Kg7 18.Qxb4 b6 19.Ne4 Rf8 20.Rc6 f5 21.Nd6 Rf6 22.Rfc1 Nc5
23.R1xc5 bxc5 24.Qb7+ Kg6 25.Nf7 Qb8 26.Nxe5+ Qxe5 27.Qxa8 Rxc6 28.Qxc6+ Kg7
29.Qb7+ Kg6 30.Qc6+ Kg7 31.Kf1 Qe7 32.a4 a5 33.Ke1 Qa7 34.Kd2 Qb8 35.Qb5 Qc7
36.Ke1 h5 37.Qe8 h4 38.Qh5 hxg3 39.Qg5+ Kh8 40.Qf6+ Kg8 41.Qg5+ Kh8 42.Qh4+  1-0

[Event "Gladsaxe"]
[Site "Gladsaxe"]
[Date "1993.??.??"]
[Round "7"]
[White "Hartvig, Ove Weiss"]
[Black "Bonnez, Finn"]
[Result "1-0"]
[WhiteElo "2145"]
[BlackElo "1950"]

1.Nf3 d5 2.g3 c5 3.Bg2 Nc6 4.d3 e5 5.O-O Be7 6.c4 d4 7.a3 Bd7 8.e3 Nf6 9.exd4 exd4
10.b4 O-O 11.b5 Na5 12.Ne5 Bd6 13.Nxd7 Nxd7 14.Nd2 f5 15.f4 Nf6 16.Nf3 Rb8
17.Re1 Re8 18.Ra2 a6 19.Rxe8+ Nxe8 20.Ng5 Nf6 21.Qe1 Qc7 22.b6  1-0

[Event "Goch op"]
[Site "Goch"]
[Date "1993.??.??"]
[Round "6"]
[White "Evers, Leo"]
[Black "Mueller, M."]
[Result "0-1"]
[WhiteElo "1900"]
[BlackElo "2315"]

1.Nf3 d5 2.g3 Nf6 3.Bg2 c5 4.d3 Nc6 5.Nbd2 Bg4 6.O-O e6 7.Re1 Be7 8.e4 dxe4
9.dxe4 O-O 10.c3 Ne5 11.Qc2 Qd3 12.Qxd3 Nxd3 13.Re3 Rad8 14.e5 Ne8 15.Bf1 Bf5
16.b3 Nc7 17.Bxd3 Bxd3 18.c4 Bg6 19.Kf1 Rd7 20.Bb2 Rfd8 21.Ke1 Na6 22.a3 Nb8
23.Rc3 Nc6 24.Rcc1 Rd3 25.h3 f6 26.exf6 gxf6 27.Rd1 Kf7 28.Nh4 Bh5 29.f3 f5
30.Ke2 Bxh4 31.gxh4 e5 32.Ke1 e4  0-1

[Event "Graz op"]
[Site "Graz"]
[Date "1993.??.??"]
[Round "8"]
[White "Krumpacnik, Domen"]
[Black "Podlesnik, Bogdan"]
[Result "1/2-1/2"]
[WhiteElo "2350"]
[BlackElo "2380"]

1.Nf3 d5 2.g3 c5 3.Bg2 Nc6 4.O-O Nf6 5.d3 e6 6.Nbd2 Be7 7.e4 O-O 8.Re1 b5
9.a4 b4 10.exd5 exd5 11.b3 h6 12.Bb2 Ng4 13.h3 Bf6 14.Bxf6 Nxf6 15.Ne5  1/2-1/2

[Event "Groningen PCA"]
[Site "Groningen"]
[Date "1993.??.??"]
[Round "10"]
[White "Malaniuk, Vladimir P"]
[Black "Vyzmanavin, Alexey"]
[Result "0-1"]
[WhiteElo "2635"]
[BlackElo "2605"]

1.Nf3 d5 2.g3 c6 3.Bg2 Bg4 4.c4 e6 5.cxd5 exd5 6.O-O Nd7 7.Nc3 Ngf6 8.d3 Be7
9.h3 Bh5 10.Qc2 O-O 11.e4 Nc5 12.Nh4 Re8 13.Nf5 Bf8 14.b4 Ne6 15.Rb1 Rc8
16.Qb2 h6 17.Nh4 dxe4 18.dxe4 Nd7 19.f4 f6 20.Kh1 Nb6 21.Nf5 Qc7 22.a4 Rcd8
23.a5 Nc8 24.Qc2 Nd6 25.Be3 Nc4 26.Bc1 Bf7 27.Ne2 g6 28.Nh4 Nd4 29.Nxd4 Rxd4
30.e5 f5 31.Nf3 Rdd8 32.Re1 Bd5 33.Nh4 Qf7 34.Kh2 Be6 35.a6 bxa6 36.Bxc6 Re7
37.Qe2 Rc7 38.Bg2 Rcd7 39.Nf3 Rd3 40.Ra1 Bxb4 41.Rf1 a5 42.Ne1 Rd2  0-1

[Event "Groningen PCA"]
[Site "Groningen"]
[Date "1993.??.??"]
[Round "11"]
[White "Georgiev, Kiril"]
[Black "Polgar, Zsuzsa"]
[Result "1-0"]
[WhiteElo "2660"]
[BlackElo "2545"]

1.Nf3 d5 2.g3 c5 3.Bg2 Nc6 4.d4 Nf6 5.O-O Bg4 6.dxc5 e6 7.Be3 Nd7 8.c4 dxc4
9.Qa4 Qa5 10.Qxc4 Bxf3 11.Bxf3 Nce5 12.Qe4 Nxf3+ 13.Qxf3 Bxc5 14.Bd2 Qb6
15.Bc3 O-O 16.Qg4 f6 17.Nd2 Rf7 18.Rad1 Rc8 19.Qa4 Qc6 20.Qxc6 Rxc6 21.Nb3 Bf8
22.Rd3 Nc5 23.Nxc5 Bxc5 24.Rfd1 Rc8 25.Kg2 Rfc7 26.g4 Kf7 27.f4 Be7 28.Kf3 Ke8
29.e4 Rc4 30.h4 b5 31.R1d2 Ra4 32.a3 Rac4 33.e5 f5 34.gxf5 exf5 35.Rd7 R8c7
36.e6 g6 37.Be5 R7c6 38.Rxa7 Rxe6 39.Rd5 b4 40.a4 Rc1 41.a5 Ra1 42.Rb5 h6
43.Rb6 Kf7 44.Rb5 Ke8 45.Rb8+ Kf7 46.Rh8 g5 47.Rh7+ Ke8 48.hxg5 hxg5 49.Bd6 g4+
50.Kf2 Rxd6 51.Rhxe7+ Kf8 52.Rf7+ Kg8 53.Rxf5 Ra2 54.Rb5 Rxb2+ 55.Kg3 Rf6
56.a6 b3 57.Rb8+ Rf8 58.Raa8  1-0

[Event "Gyula"]
[Site "Gyula"]
[Date "1993.??.??"]
[Round "10"]
[White "Kakuk, Sandor"]
[Black "Berebora, Ferenc"]
[Result "1/2-1/2"]
[WhiteElo "2295"]
[BlackElo "2425"]

1.Nf3 d5 2.g3 c6 3.Bg2 Bg4 4.d4 Nd7 5.O-O e6 6.Re1 Bd6 7.Nc3 f5 8.Qd3 Ngf6
9.Ng5 Qe7 10.f3 Bh5 11.e4 fxe4 12.fxe4 Bg6 13.Qd1 dxe4 14.Ncxe4 Bxe4 15.Bxe4 Nxe4
16.Rxe4 e5 17.Bf4 O-O-O 18.Re1 h6 19.Nf3 Rhe8 20.Nxe5  1/2-1/2

[Event "Hallsberg opJ"]
[Site "Hallsberg"]
[Date "1993.??.??"]
[Round "?"]
[White "Nalbandian, Tigran"]
[Black "Eriksson, Johan"]
[Result "1-0"]
[WhiteElo "2405"]
[BlackElo "2200"]

1.Nf3 d5 2.g3 Nf6 3.Bg2 Bf5 4.c4 c6 5.b3 Nbd7 6.Bb2 e6 7.O-O Bd6 8.d3 Bg6
9.cxd5 cxd5 10.e4 dxe4 11.dxe4 Be7 12.Nc3 O-O 13.Qe2 Nc5 14.Ne5 Nfd7 15.Nxg6 hxg6
16.b4 Na6 17.a3 Qb8 18.Rfd1 Rd8 19.e5 Nxe5 20.Na4 Nd7 21.Rac1 Nc7 22.Qe4 Ne8
23.Qxb7 Qxb7 24.Bxb7 Rab8 25.Bc6 Nd6 26.Bxd7 Rxd7 27.Be5 Kf8 28.Rc6 Nc4 29.Bxg7+ Kxg7
30.Rxd7 Ne5 31.Rcc7 Bxb4 32.axb4 Rxb4 33.Nc5 Nxd7 34.Rxd7 Rb1+ 35.Kg2 a5
36.Ra7 Rb5 37.Nxe6+ Kf6 38.Nd4  1-0

[Event "Hallsberg opJ"]
[Site "Hallsberg"]
[Date "1993.??.??"]
[Round "?"]
[White "Nouro, Mikael"]
[Black "Barkhagen, Jonas"]
[Result "0-1"]
[WhiteElo "2215"]
[BlackElo "2410"]

1.Nf3 d5 2.g3 Nf6 3.Bg2 c6 4.O-O Bf5 5.d3 Nbd7 6.Nbd2 e5 7.h3 Be7 8.e4 dxe4
9.Nh4 Be6 10.dxe4 O-O 11.Re1 g6 12.Nhf3 Nh5 13.Nf1 f6 14.c3 Nc5 15.Qe2 Nd3
16.Rd1 Nxc1 17.Raxc1 Qb6 18.Ra1 Rfd8 19.Rxd8+ Rxd8 20.Ne3 Bc5 21.Kh2 a5 22.Nd2 Bxe3
23.fxe3 Qxb2 24.Rd1 Qxa2 25.Bf1 Qc2 26.g4 Ng7 27.Kg3  0-1

[Event "Hamburg-ch"]
[Site "Hamburg"]
[Date "1993.??.??"]
[Round "?"]
[White "Mowsziszian, Karen"]
[Black "Maahs, Erich"]
[Result "1-0"]
[WhiteElo "2485"]
[BlackElo "2280"]

1.Nf3 d5 2.g3 Bg4 3.Bg2 Nd7 4.c4 e6 5.Qa4 c6 6.cxd5 Bxf3 7.Bxf3 exd5 8.O-O Ngf6
9.d3 Bd6 10.e4 Ne5 11.Bg2 O-O 12.d4 Nc4 13.e5 Nxe5 14.dxe5 Bxe5 15.Nd2 a5
16.Nf3 Re8 17.Nxe5 Rxe5 18.Be3 Nd7 19.Bd4 Re8 20.Rfe1 Qc7 21.Bc3 b6 22.Qg4 f6
23.f4 Qd6 24.h4 Rad8 25.Kh2 Nf8 26.Rxe8 Rxe8 27.Re1 Rxe1 28.Bxe1 c5 29.Qc8 g6
30.Qb7 d4 31.Bd5+ Kh8 32.Qf7  1-0

[Event "Wichern op"]
[Site "Hamburg"]
[Date "1993.??.??"]
[Round "3"]
[White "Legahn, Dirk"]
[Black "Luther, Thomas"]
[Result "1/2-1/2"]
[WhiteElo "2250"]
[BlackElo "2480"]

1.g3 d5 2.Nf3 c6 3.c4 dxc4 4.Bg2 Nf6 5.O-O Nbd7 6.Na3 Nb6 7.Qc2 Qd5 8.Nh4 Qd4
9.Nf3 Qe4 10.d3 cxd3 11.exd3 Qa4 12.b3 Qa6 13.Nc4 Bg4 14.Nfe5  1/2-1/2

[Event "Wichern op"]
[Site "Hamburg"]
[Date "1993.??.??"]
[Round "4"]
[White "Martinovsky, Eugene"]
[Black "Murdzia, Piotr"]
[Result "1-0"]
[WhiteElo "2270"]
[BlackElo "2435"]

1.g3 d5 2.Nf3 c5 3.Bg2 Nc6 4.d4 Nf6 5.O-O e6 6.c4 Be7 7.Nc3 O-O 8.cxd5 exd5
9.dxc5 Bxc5 10.Na4 Bd6 11.b3 Re8 12.Bb2 Bg4 13.Rc1 Qe7 14.Re1 Rad8 15.h3 Bh5
16.Bxf6 Qxf6 17.Qxd5 Bg6 18.Qg5 Qxg5 19.Nxg5 Bb4 20.Bxc6 bxc6 21.Nc3 h6 22.Nf3 Be4
23.Kg2 Bd5 24.g4 Re6 25.e4 Bxc3 26.exd5 Rxe1 27.Nxe1 Bd2 28.Rd1 Bb4 29.Nc2 Bc5
30.dxc6 Rc8 31.b4 Bf8 32.b5 a6 33.a4 Bc5 34.Rd5 Bb6 35.Ne3 Kf8 36.Nc4  1-0

[Event "Wichern op"]
[Site "Hamburg"]
[Date "1993.??.??"]
[Round "8"]
[White "Dizdar, Goran"]
[Black "Stabolewski, Andreas"]
[Result "1-0"]
[WhiteElo "2495"]
[BlackElo "2290"]

1.Nf3 d5 2.g3 c5 3.Bg2 Nc6 4.O-O Nf6 5.c4 e6 6.cxd5 exd5 7.b3 Be7 8.Bb2 O-O
9.d4 Ne4 10.Nc3 Bf6 11.Nxe4 dxe4 12.Nd2 Bxd4 13.Bxd4 cxd4 14.Nxe4 Qe7 15.Rc1 Rd8
16.Nc5 Ne5 17.Qd2 Rb8 18.Rfd1 Bg4 19.h3 Bc8 20.Qb4 Qf6 21.Ne4 Qh6 22.Qe7 Be6
23.Rc7 Nc6 24.Qg5 Qxg5 25.Nxg5 Bd5 26.e4 Be6 27.f4 Rdc8 28.Rxc8+ Rxc8 29.e5 Rd8
30.Nxe6 fxe6 31.Kf2 g5 32.Bxc6 bxc6 33.Rc1 d3 34.Ke3 Rd5 35.Rd1 Rc5 36.Rxd3 gxf4+
37.gxf4 Rc1 38.Rd7 Rh1 39.Rxa7 Rxh3+ 40.Ke4 h5 41.Re7 Rh2 42.Rxe6  1-0

[Event "Wichern op"]
[Site "Hamburg"]
[Date "1993.??.??"]
[Round "9"]
[White "Karlsson, Lars"]
[Black "Luther, Thomas"]
[Result "0-1"]
[WhiteElo "2505"]
[BlackElo "2480"]

1.Nf3 d5 2.g3 Nf6 3.Bg2 c6 4.O-O Bg4 5.b3 Nbd7 6.Bb2 e6 7.d3 Bd6 8.Qe1 O-O
9.e4 e5 10.h3 Bh5 11.Nh4 Re8 12.Nc3 dxe4 13.Nxe4 Nxe4 14.dxe4 Qc7 15.Bf3 Bxf3
16.Nxf3 Rad8 17.Kg2 Nf8 18.Qe2 f6 19.a4 Ne6 20.Qc4 Qf7 21.Rad1 Bc7 22.Bc3 Rxd1
23.Rxd1 Rd8 24.Rd3 Rxd3 25.cxd3 Nd8 26.Qxf7+ Kxf7 27.d4 exd4 28.Bxd4 a6 29.Bc3 b5
30.Nd4 c5 31.Nf5 Nc6 32.f4 b4 33.Be1 Na5 34.Kf2 Nxb3 35.Ke2 Na5 36.Ne3 g5
37.Nd5 Bb8 38.Bd2 gxf4 39.gxf4 Bd6 40.Be1 Ke6 41.Kd3 c4+ 42.Kd4 c3 43.Kd3 f5
44.Ne3 fxe4+ 45.Kxe4 Bc5 46.f5+ Kf7 47.Ng4 c2 48.Ne5+ Ke8 49.Nd3 b3 50.Bd2 Ba3
51.Kd5 b2 52.Nxb2 Bxb2  0-1

[Event "Harkany op"]
[Site "Harkany"]
[Date "1993.??.??"]
[Round "4"]
[White "Szell, Lajos"]
[Black "Medvegy, Nora"]
[Result "0-1"]
[WhiteElo "2315"]
[BlackElo "2105"]

1.Nf3 d5 2.g3 g6 3.Bg2 Bg7 4.O-O e5 5.d3 Ne7 6.c4 c6 7.Nc3 O-O 8.Bd2 h6 9.Qb3 d4
10.Ne4 Na6 11.Qa3 Be6 12.Rfc1 Qc7 13.Qd6 Qxd6 14.Nxd6 b6 15.b4 Rfd8 16.c5 bxc5
17.bxc5 Rab8 18.Nc4 f6 19.Na5 Rb5 20.Rc2 Rdb8 21.Rac1 Bd5 22.Nh4 Bxg2 23.Kxg2 g5
24.Nf3 Nb4 25.Bxb4 Rxb4 26.e4 dxe3 27.fxe3 R4b5 28.Nb3 a5 29.e4 Rd8 30.Rd1 a4
31.Nc1 Rb4 32.Rdd2 f5 33.Rb2 Rdb8 34.Rxb4 Rxb4 35.Re2 g4 36.Ne1 f4 37.Rc2 Ng6
38.Kf2 Bf8 39.a3 Rb5 40.d4 exd4 41.Ned3 f3 42.h3 h5 43.hxg4 hxg4 44.Rc4 Bh6
45.Rxd4 Bxc1 46.Nxc1 Rxc5 47.Nd3 Rc2+ 48.Kf1 Rd2 49.Ke1 f2+  0-1

[Event "Heraklio op"]
[Site "Heraklio"]
[Date "1993.??.??"]
[Round "3"]
[White "Klarenbeek, Hans"]
[Black "Smagin, Sergey"]
[Result "0-1"]
[WhiteElo "2425"]
[BlackElo "2550"]

1.Nf3 d5 2.g3 c6 3.Bg2 Bg4 4.b3 Nd7 5.Bb2 Ngf6 6.d3 e6 7.Nbd2 a5 8.a4 Bb4
9.O-O O-O 10.h3 Bh5 11.g4 Bg6 12.Nh4 Re8 13.c3 Bd6 14.Nxg6 hxg6 15.f4 e5
16.f5 e4 17.fxg6 fxg6 18.dxe4 Nxg4 19.hxg4 Bc5+ 20.Rf2 Rf8 21.Bf3 Qh4 22.Qe1 Ne5
23.Ba3 Bb6 24.Bxf8 Rxf8 25.e3 Qg3+ 26.Rg2 Nxf3+ 27.Nxf3 Qxf3 28.Rg3 Qxe4
29.Qe2 Qe5 30.Rf3 Re8 31.Qd3 Qg5 32.Kf2 Qh4+ 33.Ke2 Qxg4 34.Kf2 Qh4+ 35.Ke2 Qh2+
36.Rf2 Qh5+ 37.Kd2 Bxe3+ 38.Qxe3 Rxe3 39.Kxe3 Qe5+ 40.Kd2 d4 41.Rf3 Qh2+
42.Kd3 dxc3 43.Raf1 Qd2+ 44.Kc4 g5 45.R3f2 b5+ 46.axb5 cxb5+ 47.Kc5 Qe3+
48.Kxb5 c2 49.Rf8+ Kh7 50.Rh1+ Kg6 51.Rff1 Qxb3+  0-1

[Event "Heraklio summer"]
[Site "Heraklio"]
[Date "1993.??.??"]
[Round "4"]
[White "Ivanov, Jordan"]
[Black "Lirindzakis, Timotheos"]
[Result "1/2-1/2"]
[WhiteElo "2420"]
[BlackElo "2370"]

1.Nf3 d5 2.g3 Nf6 3.Bg2 e6 4.O-O Be7 5.d3 c5 6.Nbd2 Nc6 7.e4 O-O 8.Re1 b5
9.e5 Nd7 10.Nf1 a5 11.h4 b4 12.h5 a4  1/2-1/2

[Event "Herzliya"]
[Site "Herzliya"]
[Date "1993.??.??"]
[Round "3"]
[White "Godes, Dmitry R"]
[Black "Zilberman, Yaacov"]
[Result "1/2-1/2"]
[WhiteElo "2430"]
[BlackElo "2375"]

1.Nf3 d5 2.g3 c6 3.Bg2 Bg4 4.d4 Nd7 5.O-O e6 6.c3 Bd6 7.Nbd2 f5 8.c4 Qf6
9.a4 Ne7 10.a5 O-O 11.cxd5 cxd5 12.Qa4 Rfd8 13.a6 b6 14.Nb1 Bh5 15.Nc3 Be8
16.Qb3 Nf8 17.Bg5 Qg6 18.Bxe7 Bxe7 19.Ne5 Qh6 20.Bxd5 Rab8 21.Bc6 Rxd4 22.Bxe8 Rxe8
23.Nc6 Rg4 24.Nb5 Qh3 25.Qf3 Ng6 26.Kh1 Bf6 27.Nbxa7 Bxb2 28.Rab1 Bf6 29.Nb5 Ra4
30.a7 Rc8 31.Nd6 Nh4 32.gxh4 Qxf3+ 33.exf3 Rxc6 34.Nb5 Rc5 35.Rfc1 Rxb5 36.Rc8+ Kf7
37.Rc7+ Kg6 38.Rxb5 Bd4 39.f4 Bxf2 40.Rb2 Bd4 41.Re2 b5 42.Rxe6+ Kh5 43.Kg2 Rxa7
44.Rxa7 Bxa7 45.Re5 Kg4 46.Rxb5 Kxf4 47.Rb4+ Ke5 48.h5  1/2-1/2

[Event "HUN-chT2"]
[Site "HUN"]
[Date "1993.??.??"]
[Round "?"]
[White "Loginov, Valery A"]
[Black "Nemeth, Gabor"]
[Result "1-0"]
[WhiteElo "2505"]
[BlackElo "2275"]

1.Nf3 d5 2.g3 Nc6 3.d4 Bf5 4.Bg2 h6 5.c4 e6 6.O-O Nf6 7.Nc3 Be7 8.cxd5 exd5
9.Ne5 O-O 10.Nxc6 bxc6 11.b3 Qd7 12.Bb2 Rfe8 13.Rc1 Bb4 14.Na4 Bh3 15.e3 Bd6
16.Qc2 Qg4 17.Rce1 Nh7 18.f3 Qc8 19.Qxc6 Ng5 20.Qc2 h5 21.Bxh3 Nxh3+ 22.Kh1 g5
23.Nc5 a5 24.Qg2 c6 25.g4 hxg4 26.fxg4 Kg7 27.Qxh3 Rf8 28.Qf3 f5 29.Re2  1-0

[Event "HUN-chT2"]
[Site "HUN"]
[Date "1993.??.??"]
[Round "?"]
[White "Kosztolanczi, Gyula"]
[Black "Morvay, Miklos"]
[Result "1-0"]
[WhiteElo "2220"]
[BlackElo "2260"]

1.Nf3 d5 2.g3 g6 3.Bg2 Bg7 4.O-O Nf6 5.d3 O-O 6.Nbd2 b6 7.e4 dxe4 8.dxe4 Bb7
9.e5 Ng4 10.Re1 Nc6 11.h3 Nh6 12.Qe2 Nf5 13.c3 e6 14.Ne4 Nxe5 15.Nxe5 Bxe5
16.Bg5 Qc8 17.Nf6+ Bxf6 18.Bxf6 Bxg2 19.Kxg2 Ng7 20.g4 c5 21.Qf3 a5 22.Rad1 Ra7
23.Qg3 Ne8 24.Be5 f6 25.Bd6 Rff7 26.Bf4 e5 27.Be3 Qc6+ 28.Kg1 Rad7 29.g5 Qe6
30.Rxd7 Rxd7 31.gxf6 Rd3 32.Qh4 Nxf6 33.f4 Nh5 34.fxe5 Rd5 35.Bf2 Rxe5 36.Qd8+ Kg7
37.Qc7+ Kh6 38.Qxe5 Qxh3 39.Qe3+ Qxe3 40.Bxe3+ Kg7 41.Kg2  1-0

[Event "HUN-chT2"]
[Site "HUN"]
[Date "1993.??.??"]
[Round "?"]
[White "Nemeth, Zoltan"]
[Black "Marosi, Csaba"]
[Result "1/2-1/2"]
[WhiteElo "2380"]
[BlackElo "2310"]

1.Nf3 d5 2.g3 Nf6 3.Bg2 Bf5 4.b3 c6 5.Bb2 Nbd7 6.d3 e6 7.Nbd2 Bd6 8.e4 Bg4
9.O-O O-O 10.Qe1 Bxf3 11.Nxf3 dxe4 12.dxe4 e5 13.Rd1 Qe7 14.Nh4 g6 15.f4 exf4
16.gxf4 Rfd8 17.Kh1 Bb4 18.c3 Bc5 19.b4 Bb6 20.c4 Nf8 21.Rxd8 Rxd8 22.e5 Nh5
23.c5 Bc7 24.f5 Re8 25.e6 f6 26.Be4 Nxe6 27.fxg6 Nef4 28.gxh7+ Kh8 29.Bxf6+ Qxf6
30.Ng6+ Qxg6 31.Bxg6 Rxe1 32.Rxe1 Nxg6 33.Re8+ Kxh7 34.Ra8 a6 35.Ra7 Ne7  1/2-1/2